The noble scholar, jurist, historian


 His Excellency Dr. Abdul Wahhab bin Ibrahim Abu Sulaiman, may Allah have mercy on him.


 He was born in Umm Al-Qura in the year 1356 AH.

كتاب الجنايات : (Record no. 13557)

MARC details
000 -LEADER
fixed length control field 02158ctm a22003251i 4500
003 - CONTROL NUMBER IDENTIFIER
control field SA-RiAUC
005 - DATE AND TIME OF LATEST TRANSACTION
control field 20251216121413.0
008 - FIXED-LENGTH DATA ELEMENTS--GENERAL INFORMATION
fixed length control field 251208s1996 sj f m 00000 ara c
040 ## - CATALOGING SOURCE
Original cataloging agency SA-JeALM
Language of cataloging ara
Transcribing agency SA-RiAUC.
Description conventions rda
082 04 - DEWEY DECIMAL CLASSIFICATION NUMBER
Classification number 255.1
Assigning agency SA-RiAUC
090 ## - LOCALLY ASSIGNED LC-TYPE CALL NUMBER (OCLC); LOCAL CALL NUMBER (RLIN)
Classification number (OCLC) (R) ; Classification number, CALL (RLIN) (NR) ر 255.1
Local cutter number (OCLC) ; Book number/undivided call number, CALL (RLIN) ا ف غ
100 1# - MAIN ENTRY--PERSONAL NAME
Personal name الأفغاني، محمد عالم عبد المجيد
Relator term مؤلف.
245 10 - TITLE STATEMENT
Title كتاب الجنايات :
Remainder of title الحدود من الجزء السادس من كتاب الذخيرة للقرافي ت. 684 هـ. /
Statement of responsibility, etc. إعداد محمد عالم عبد المجيد الأفغاني ؛ إشراف إبراهيم العاقب أحمد.
264 #0 - PRODUCTION, PUBLICATION, DISTRIBUTION, MANUFACTURE, AND COPYRIGHT NOTICE
Date of production, publication, distribution, manufacture, or copyright notice 1996
300 ## - PHYSICAL DESCRIPTION
Extent 586 ورقة ؛
Dimensions 30 سم
336 ## - CONTENT TYPE
Content type term نص
Content type code txt
Source rdacontent
Materials specified أطروحة
337 ## - MEDIA TYPE
Media type term بدون وسيط
Media type code n
Source rdamedia
338 ## - CARRIER TYPE
Carrier type term مجلد
Carrier type code nc
Source rdacarrier
500 ## - GENERAL NOTE
General note أطروحة (دكتوراه)-جامعة أم درمان الإسلامية، كلية الشريعة والقانون، قسم الفقه المقارن، 1996.
502 ## - DISSERTATION NOTE
Dissertation note أطروحة (دكتوراه)-جامعة أم درمان الإسلامية، كلية الشريعة والقانون، قسم الفقه المقارن، 1996.
520 3# - SUMMARY, ETC.
Summary, etc. استعرض الباحث في أطروحته روح عصر المؤلف السياسية والاجتماعية والعلمية، ثم ترجم لحياة المؤلف وشيوخه وتلامذته ومكانته العلمية ومصنفاته، كما قام الباحث بالتعريف بالكتاب وقيمته العلمية وأسلوبه ومنهجه ومصادره، وفي ختام أطروحته قام الباحث بتحقيق موضوعات كتاب الجنايات.
650 #7 - SUBJECT ADDED ENTRY--TOPICAL TERM
Topical term or geographic name entry element الحدود (شريعة إسلامية)
Source of heading or term aucsh
650 #7 - SUBJECT ADDED ENTRY--TOPICAL TERM
Topical term or geographic name entry element العقوبات (فقه إسلامي)
Source of heading or term aucsh
650 #7 - SUBJECT ADDED ENTRY--TOPICAL TERM
Topical term or geographic name entry element الجنايات (فقه إسلامي)
Source of heading or term aucsh
700 12 - ADDED ENTRY--PERSONAL NAME
Personal name القرافي، أحمد بن إدريس بن عبد الرحمن،
Dates associated with a name 626-684 هجري
700 ## - ADDED ENTRY--PERSONAL NAME
Personal name أحمد, إبراهيم العاقب .
Relator term إشراف
740 22 - ADDED ENTRY--UNCONTROLLED RELATED/ANALYTICAL TITLE
Uncontrolled related/analytical title الذخيرة.
942 ## - ADDED ENTRY ELEMENTS (KOHA)
Source of classification or shelving scheme Dewey Decimal Classification
Koha item type رسالة علمية
Suppress in OPAC No
949 ## - LOCAL PROCESSING INFORMATION (OCLC)
a SA-JeALM
d 251208
u mohamedma123
n 1
Holdings
Withdrawn status Lost status Source of classification or shelving scheme Damaged status Not for loan Home library Current library Date acquired Total checkouts Full call number Barcode Date last seen Price effective from Koha item type
    Dewey Decimal Classification     DR AbdElwahab Library DR AbdElwahab Library 12/16/2025   ر 255.1 ا ف غ 000021734 12/16/2025 12/16/2025 رسالة علمية